Statistics for UEFA Euro Hosts

Click here to take the quiz!

General Stats

  • This quiz has been taken 2,594 times
  • The average score is 13 of 14

Answer Stats

Answer% Correct
France
99%
Portugal
98%
Italy
97%
West Germany
97%
England
96%
Spain
96%
Poland
95%
Netherlands
93%
Ukraine
93%
Belgium
92%
Austria
91%
Switzerland
91%
Sweden
89%
Yugoslavia
72%

Score Distribution

Percentile by Number Answered

Percent of People with Each Score

Your Score History

You have not taken this quiz